000 00543nam a22001697a 4500
003 NUST
005 20260202163650.0
008 260202b ||||| |||| 00| 0 eng d
020 _a978-1558605886
082 _a910.285
100 _aPhilippe Rigaux, Michel Scholl, Agnes Voisard.
_9133025
245 _aSpatial Databases /
_bWith Application to GIS /
_cPhilippe Rigaux, Michel Scholl, Agnes Voisard.
260 _aUSA:
_bMorgan Kaufmann Pub
_c2002.
300 _a440 p ;
_c19.48 x 3 x 24.33 cm.
563 _aHardcover
942 _2ddc
_cBK
999 _c616031
_d616031